[Event "SLO-chT2 Ost"]
[Site "Maribor"]
[Date "2009.05.30"]
[Round "1"]
[White "Kukovec, Darko"]
[Black "Tekavec, Alojz"]
[Result "1/2-1/2"]
[WhiteElo "1790"]
[BlackElo "1670"]
[PlyCount "53"]
[EventDate "2009.05.30"]
[EventType "team-tourn"]
[EventRounds "9"]
[EventCountry "SLO"]
[SourceTitle "EXT 2022"]
[Source "ChessBase"]
[SourceDate "2021.10.06"]
[SourceVersion "1"]
[SourceVersionDate "2021.10.06"]
[SourceQuality "1"]

1. e4 e5 2. Nf3 Nc6 3. Bc4 h6 4. a3 a6 5. h3 Bc5 6. b4 Ba7 7. d3 d6 8. c3 Nf6 9. 0-0 0-0 10. Be3 Bd7 11. Nbd2 Qc8 12. d4 Bxh3 13. gxh3 Qxh3 14. Nh2 exd4 15. cxd4 Bxd4 16. Bxd4 Nxd4 17. Re1 Rfe8 18. Bf1 Qh4 19. Bg2 b6 20. Ndf3 Nxf3+ 21. Qxf3 Re5 22. Re3 Rae8 23. Rae1 h5 24. Qe2 Qf4 25. Qf3 Qh4 26. Qe2 Qf4 27. Qf3 1/2-1/2